000
00164nam a22000857a 4500
245
_a
Hand Book of Idioms & Phrases
260
_b
1702
300
_a
232
942
_2
ddc
_c
RB
999
_c
4479
_d
4479